header

Solar engineering of thermal processes (Record no. 32491)

MARC details
000 -LEADER
fixed length control field 01286nam a2200337 a 4500
082 04 - DEWEY DECIMAL CLASSIFICATION NUMBER
Classification number 621.47
100 1# - MAIN ENTRY--AUTHOR NAME
Personal name Duffie, John A.
245 10 - TITLE STATEMENT
Title Solar engineering of thermal processes
250 ## - EDITION STATEMENT
Edition statement 4th ed.
260 ## - PUBLICATION, DISTRIBUTION, ETC. (IMPRINT)
Place of publication Hoboken, N.J. :
Name of publisher Wiley,
Year of publication 2013.
300 ## - PHYSICAL DESCRIPTION
Number of Pages xxvi, 910 p. :
Other physical details ill.
505 0# - FORMATTED CONTENTS NOTE
Formatted contents note pt. 1. Fundamentals -- pt. 2. Applications -- pt. 3. Design methods.
650 #0 - SUBJECT ADDED ENTRY--TOPICAL TERM
Topical Term Solar energy.
Topical Term Heat
700 1# - ADDED ENTRY--PERSONAL NAME
Personal name Beckman, William A.
856 40 - ELECTRONIC LOCATION AND ACCESS
Uniform Resource Identifier http://site.ebrary.com/lib/rucke/Doc?id=10683270

No items available.

© 2026 Rongo University
Contact us: librarian | system librarian | Rongo university